1919 1818 1586 1132 1409 1840 1965 1068 1851 1419 1373 1942 1414 1473 1436 1249 1019 1758 1455 1935 1453 1515 1234 1105 1222 1121 1579 1793 1830 1839 1343 1621 1155 1969 1270 1475 1679 1139 1574 1999 1770 1391 1182 1342 1448 1278 1269 1155 1278 1036 1027 1270 1501 1620 1655 1871 1738 1774 1446 1933 1297 1686 1109 1992 1965 1936 1539 1699 1616 1115 1938 1696 1248 1596 1587 1588 1738 1450 1115 1234 1469 1072 1375 1048 1090 1261 1149 1703 1427 1092 1826 1898 1955 1411 1790 1150 1815 1268 1995 BCNSPRNW ULIB Ver.6.0+V

เปลี่ยนเป็นภาษาไทย

Change to English
 แสดงรายละเอียดบรรณานุกรม
  กลับหน้าหลัก

Brief Record : Get Marc (ISO 2709) : E-mail record : QR code < ปิดหน้าต่าง
LEADER : 00000nam 2200000uu 4500
001    13399122607
003     ULIB
008    020711s2551 th a 000 0 tha d
020    9789744179142
050    DS586^bส678
110    คณะกรรมการอำนวยการจัดงานฉลองสิริราชสมบัติครบรอบ 60 ปี
245    สาราณุกรมพระราชกรณียกิจพระบาทสมเด็จพระเจ้าอยู่หัว ในรอบ 60 ปีแห่งการครองราชย์ /^cคณะกรรมการอำนวยการจัดงานฉลองสิริราชสมบัติครบรอบ 60 ปี
260    กรุงเทพฯ :^bกรมศิลปากร,^c2551
300    486 หน้า
650    พระราชกรณียกิจ
945    ^p0^l0^i17813
999    ^aกัณชพร
รายการนี้ยังไม่มีแท็ก
คุณยังไม่ได้ล็อกอิน คุณสามารถมีกิจกรรมร่วมกับเว็บไซต์ได้ แต่ต้องล็อกอินก่อน ::
  ล็อกอิน

รายการสื่อสารสนเทศ

ลำดับที่ ประเภท เลขเรียก/บาร์โค้ด สถานที่ สถานะ
1. การศึกษาทั่วไป
การศึกษาทั่วไป
DS586 ส678 ฉ.1 
  Barcode: 17813
ห้องสมุดวิทยาเขตสวรรค์ประชารักษ์
►หนังสือทั่วไป
บนชั้น

รายการใกล้เคียง
    หัวเรื่อง [พระราชกรณียกิจ]

BibComment


ยังไม่เคยถูกคอมเมนท์

คอมเมนท์ทรัพยากรรายการนี้
  คอมเมนท์: สาราณุกรมพระราชกร..


 Copyright 2026. Bcnsprnw @Library